Statistics for What and Where? - A Country and City Quiz

Click here to take the quiz!

General Stats

  • This quiz has been taken 27 times
    (5 since last reset)
  • The average score is 4 of 10

Answer Stats

QuestionAnswer% Correct
Where is Athens located?Greece
100%
What is the capital of China?Beijing
60%
Mount Rushmore is located in which country?United States of America
60%
Sarajevo is the capital of which country?Bosnia and Herzegovina
40%
What 2 years did Yugoslavia break up?1991-1992
20%
Where was the first Olympic Games played? (Name the city)Olympia
20%
What are the 2 biggest countries in the UK?Scotland and England
20%
What is the capital of Seychelles?Victoria
20%
What are the 2 smallest countries in the UK?Wales and Northern Ireland
20%
What year did Northern Ireland join the UK?1929
0%

Score Distribution

Percentile by Number Answered

Percent of People with Each Score

Your Score History

You have not taken this quiz since the last reset